Železný ostrov

Uložené v:
Podrobná bibliografia
Hlavný autor: Gatyáš, Roman (Autor)
Ďalší autori: Šíp, Lukáš (Vedúci práce)
Médium: Rukopis Kniha
Jazyk:Slovak
Vydavateľské údaje: 2024
Predmet:
On-line prístup:http://is.stuba.sk/zp/portal_zp.pl?podrobnosti=178769
Tagy: Pridať tag
Žiadne tagy, Buďte prvý, kto otaguje tento záznam!

MARC

LEADER 00000ntm a22000003a 4500
001 stuzp98318
003 SK-STU
005 20240608211942.4
007 ta
008 150427s2015----xo-----f-mn---000-0-slo-d
040 |a STU  |b slo 
041 0 |a slo 
100 1 |a Gatyáš, Roman  |u 052120  |4 aut  |U FAD Fakulta architektúry a dizajnu  |T FAD Ústav ekologickej a experimentálnej architektúry  |X 99255  |U A2120  |Y 393  |7 99255 
242 0 1 |a Iron Island  |y eng 
245 1 0 |a Železný ostrov 
260 |c 2024 
650 4 |a výskum  |2 slo 
650 4 |a ropná plošina  |2 slo 
650 4 |a more  |2 slo 
650 4 |a udržateľnosť  |2 slo 
650 4 |a sea  |2 eng 
650 4 |a oil platform  |2 eng 
650 4 |a sustainabiity  |2 eng 
650 4 |a research  |2 eng 
700 1 |a Šíp, Lukáš  |u 052120  |k Z1  |4 ths  |U FAD Fakulta architektúry a dizajnu  |T FAD Ústav ekologickej a experimentálnej architektúry  |X 29145  |U A2120  |Y 393  |7 A000029145 
856 4 |u http://is.stuba.sk/zp/portal_zp.pl?podrobnosti=178769